000
00491nam a2200181Ia 4500
008
090124s9999 xx 000 0 und d
082
_b
132718
100
_a
पटेल अलका
245
_a
इंद्रधनुष्य
250
_a
1
260
_c
2004
300
_a
96
600
_a
पटेल अलका
630
_a
इंद्रधनुष्य
700
_a
पटेल अलका
730
_a
इंद्रधनुष्य
942
_c
BOOK
999
_c
178852
_d
178852